000 00420nam a2200181 a 4500
001 1625
003 CO-ViMGA
008 141112s2004 ck r 000 u spa d
040 _aCO-ViMGA
_bspa
_cCO-ViMGA
082 0 4 _a751.45 O536p
245 1 0 _aOleo
250 _a2a
260 _aBarcelona :
_bParramón,
_c1996
300 _a95 p : il
490 _aManuales Parramón
650 1 4 _aPINTURA AL OLEO
942 _2ddc
_cBK
999 _c13802
_d13802